| 000 | 00529nam a2200169Ia 4500 | ||
|---|---|---|---|
| 008 | 090201s9999 xx 000 0 und d | ||
| 010 | _aKPL-58411 | ||
| 040 | _bमराठी | ||
| 041 | _aमराठी | ||
| 082 |
_a6410 _b58411 |
||
| 100 | _aसुमति क्षेत्रमाडे | ||
| 245 |
_aआभास _cसुमति क्षेत्रमाडे |
||
| 260 |
_c2004 _bनवचैतन्य प्रकाशन |
||
| 300 |
_a224 _bमोठा |
||
| 600 | _aआभास | ||
| 942 | _cBOOK | ||
| 999 |
_c207232 _d207232 |
||